|
|
|
|
| LEADER |
00000nab a2200000 a 4500 |
| 001 |
vtls009173564 |
| 003 |
SK-MaSNL |
| 005 |
20260304154033.0 |
| 008 |
250506c1949 xo |r|p||||||||00 b|slo |
| 015 |
|
|
|a SNBRB2008/01
|2 snkbucl
|
| 035 |
|
|
|a (uuid)076d08b9-bf50-4827-b2e3-b05b9df7774d
|
| 035 |
|
|
|a urn:nbn:sk:snk-ab1dni
|
| 035 |
|
|
|a (urnnbn)urn:nbn:sk:snk:ar-002t32
|
| 038 |
|
|
|a SNKBUCL
|
| 040 |
|
|
|a SNKBUCL
|b slo
|c SNKBUCL
|e AACR2
|
| 041 |
0 |
|
|a slo
|
| 044 |
|
|
|a xo
|c SK
|
| 080 |
|
|
|a 81-051
|2 2001
|
| 080 |
|
|
|a 82-051
|2 2001
|
| 080 |
|
|
|a 929 Marr, Nikolaj Jakovlevič
|2 2001
|
| 245 |
0 |
0 |
|a Alfred Lubojacký, N. J. Marr
|b sbírka Kdo je, č. 124
|c [autor] E. J.
|
| 600 |
1 |
7 |
|a Marr, Nikolaj Jakovlevič, 1864-1934
|2 snkbucl
|9 1478225
|
| 650 |
0 |
7 |
|a biografia
|2 snkbucl
|9 71085
|
| 655 |
|
7 |
|a recenzie
|2 snkbucl
|9 21907
|
| 773 |
0 |
|
|t Slovenská reč
|g Roč. XIV, č. 7-8 (1948/1949), s. 258
|
| 787 |
0 |
8 |
|i Rec.:
|a Lubojacký, Alfred, n. 1907
|t N. J. Marr
|d Praha : Orbis, 1949
|
| 850 |
|
|
|a Slovenská národná knižnica
|
| 852 |
|
|
|a Slovenská národná knižnica
|
| 954 |
|
|
|a odborná, vedecká literatúra pôvodná (slovenská)
|2 lita
|
| 958 |
|
|
|a article27
|
| 958 |
|
|
|a RC
|
| 958 |
|
|
|a BC
|
| 958 |
|
|
|a OND
|
| 958 |
|
|
|a EUIPO
|
| 999 |
|
|
|c 2956005
|d 2957935
|